[Event "Asian Cities-chT"]
[Site "Khanty-Mansiysk"]
[Date "2024.04.28"]
[Round "8.4"]
[White "Atakhan, Abtin"]
[Black "Machankin, Aleksandr"]
[Result "1-0"]
[WhiteElo "2417"]
[BlackElo "1739"]
[PlyCount "79"]
[EventDate "2024.04.21"]
[EventType "team-swiss"]
[EventRounds "9"]
[EventCountry "RUS"]
[SourceTitle "CB18_2024"]
[SourceDate "2024.05.01"]
[SourceVersion "1"]
[SourceVersionDate "2024.05.01"]
[SourceQuality "2"]
[WhiteTeam "Tehran"]
[BlackTeam "Khanty-Mansiysk"]
[WhiteTeamCountry "IRI"]
[BlackTeamCountry "RUS"]

1. c4 Nf6 2. Nc3 c6 3. Nf3 d5 4. d4 dxc4 5. a4 Bf5 6. Ne5 Nbd7 7. Nxc4 Qc7 8. g3 Nb6 9. Bf4 Qd7 10. Ne5 Qc8 11. Bg2 e6 12. e4 Bg6 13. a5 Nbd7 14. Nc4 Be7 15. Nd6+ Bxd6 16. Bxd6 Nb8 17. Qb3 Na6 18. 0-0 Qd7 19. Ba3 h5 20. d5 c5 21. dxe6 Qxe6 22. Qxe6+ fxe6 23. e5 Nd5 24. Nxd5 exd5 25. Bxd5 Rb8 26. Rfd1 Ke7 27. b3 Rhd8 28. Bc1 Kf8 29. Bg5 Re8 30. e6 Nb4 31. Bc4 Nc2 32. e7+ Rxe7 33. Bxe7+ Kxe7 34. Rac1 Nd4 35. Rc3 b6 36. axb6 axb6 37. Re3+ Kf6 38. Ra1 b5 39. Ra6+ Kg5 40. h4+ 1-0

[Event "Asian Cities-chT"]
[Site "Khanty-Mansiysk"]
[Date "2024.04.26"]
[Round "6.3"]
[White "Rodin, Dmitrij"]
[Black "Atakhan, Abtin"]
[Result "0-1"]
[WhiteElo "2321"]
[BlackElo "2417"]
[PlyCount "124"]
[EventDate "2024.04.21"]
[EventType "team-swiss"]
[EventRounds "9"]
[EventCountry "RUS"]
[SourceTitle "CB18_2024"]
[SourceDate "2024.05.01"]
[SourceVersion "1"]
[SourceVersionDate "2024.05.01"]
[SourceQuality "2"]
[WhiteTeam "Tula"]
[BlackTeam "Tehran"]
[WhiteTeamCountry "RUS"]
[BlackTeamCountry "IRI"]

1. e4 c6 2. d4 d5 3. e5 Bf5 4. Nd2 e6 5. Nb3 a6 6. Nf3 c5 7. Nxc5 Bxc5 8. dxc5 Qa5+ 9. c3 Qxc5 10. Be2 Ne7 11. Nd4 Qc7 12. f4 Nbc6 13. Be3 g5 14. 0-0 gxf4 15. Bxf4 Be4 16. Bd3 Rg8 17. Bg3 Nxd4 18. Bxe4 Ndf5 19. Bxf5 Nxf5 20. Qf3 0-0-0 21. Rae1 Rg7 22. Bf2 Rdg8 23. g3 Rg4 24. Kh1 h5 25. Rg1 Qc6 26. h3 R4g5 27. Kh2 Qa4 28. a3 Qb5 29. Re2 Kb8 30. Rd2 Qc4 31. Rdd1 Ne7 32. Rd4 Qc7 33. Rf4 Nf5 34. h4 Rg4 35. Rxf5 exf5 36. Qxf5 Qc8 37. Qf3 Qe6 38. Re1 Qg6 39. Re3 Rd8 40. Re2 Re4 41. Rxe4 dxe4 42. Qf4 Kc8 43. Bd4 Rg8 44. Bf2 Kd7 45. Qd2+ Ke8 46. Qf4 Qg4 47. Qe3 Rg6 48. Qa7 Qe2 49. Qb8+ Ke7 50. Qxb7+ Kf8 51. Qc8+ Kg7 52. Qc5 Qxb2 53. a4 Qe2 54. a5 Re6 55. Kg1 Qd1+ 56. Kh2 Qf3 57. Kg1 Kh7 58. Kh2 Kg6 59. Be3 Kf5 60. Bf4 Kg4 61. Kg1 e3 62. Bxe3 Kh3 0-1

[Event "Titled Tuesday intern op 12th Mar Early"]
[Site "Chess.com INT"]
[Date "2024.03.12"]
[Round "4"]
[White "Atakhan, Abtin"]
[Black "Kochiev, Ivan"]
[Result "1-0"]
[WhiteElo "2417"]
[BlackElo "2064"]
[PlyCount "45"]
[EventDate "2024.03.12"]
[EventType "swiss (blitz)"]
[EventRounds "11"]
[EventCountry "USA"]
[SourceTitle "CB12_2024"]
[SourceDate "2023.10.01"]
[SourceVersion "1"]
[SourceVersionDate "2023.10.01"]
[SourceQuality "1"]

1. Nf3 Nf6 2. c4 e6 3. Nc3 d5 4. d4 c6 5. e3 Nbd7 6. Qc2 Bd6 7. Bd3 dxc4 8. Bxc4 b5 9. Be2 Bb7 10. 0-0 0-0 11. Rd1 Qe7 12. e4 e5 13. Bg5 h6 14. Bh4 b4 15. Na4 exd4 16. Nxd4 g6 17. Nxc6 Bxc6 18. Qxc6 Be5 19. Bb5 Rfd8 20. Rxd7 Rxd7 21. Bxf6 Qxf6 22. Qxf6 Rad8 23. Bxd7 1-0

[Event "Titled Tuesday intern op 12th Mar Early"]
[Site "Chess.com INT"]
[Date "2024.03.12"]
[Round "8"]
[White "Atakhan, Abtin"]
[Black "Zakhartsov, Vladimir"]
[Result "0-1"]
[WhiteElo "2417"]
[BlackElo "2504"]
[PlyCount "98"]
[EventDate "2024.03.12"]
[EventType "swiss (blitz)"]
[EventRounds "11"]
[EventCountry "USA"]
[SourceTitle "CB12_2024"]
[SourceDate "2023.10.01"]
[SourceVersion "1"]
[SourceVersionDate "2023.10.01"]
[SourceQuality "1"]

1. Nf3 g6 2. c4 Bg7 3. e4 e5 4. d4 exd4 5. Nxd4 Nc6 6. Nxc6 bxc6 7. Nc3 d6 8. Bd3 Nf6 9. 0-0 0-0 10. Qd2 a5 11. b3 a4 12. bxa4 Nd7 13. Bb2 Nc5 14. Bc2 Be6 15. Bb3 Rb8 16. Qc2 Qc8 17. Ba3 Nd7 18. Rac1 Qa6 19. Ne2 c5 20. Nf4 Ne5 21. Bb2 Nc6 22. Bxg7 Kxg7 23. Qc3+ Kg8 24. Ne2 Qa5 25. Qe3 Rfe8 26. Nc3 Ne5 27. Nb5 c6 28. Nxd6 Red8 29. Nf5 Qc7 30. Nh6+ Kg7 31. f4 Rd3 32. Qxc5 Nf3+ 33. Rxf3 Rxf3 34. gxf3 Qxf4 35. Rf1 Kxh6 36. Qxc6 Rd8 37. Qb6 Rd2 38. Rf2 Qg5+ 39. Kf1 Bh3+ 40. Ke1 Rd3 41. f4 Qg4 42. Qf6 Re3+ 43. Kd2 Rxe4 44. Qxf7 Qg1 45. Qf8+ Kh5 46. Qc5+ Bf5 47. Bd1+ Kh6 48. Be2 Re8 49. Qd4 Qb1 0-1

[Event "Titled Tuesday intern op 12th Mar Early"]
[Site "Chess.com INT"]
[Date "2024.03.12"]
[Round "3"]
[White "Buscar, Michael"]
[Black "Atakhan, Abtin"]
[Result "0-1"]
[WhiteElo "2041"]
[BlackElo "2417"]
[PlyCount "38"]
[EventDate "2024.03.12"]
[EventType "swiss (blitz)"]
[EventRounds "11"]
[EventCountry "USA"]
[SourceTitle "CB12_2024"]
[SourceDate "2023.10.01"]
[SourceVersion "1"]
[SourceVersionDate "2023.10.01"]
[SourceQuality "1"]

1. d4 Nf6 2. c4 e6 3. Nc3 Bb4 4. e3 0-0 5. Bd3 d5 6. Nge2 dxc4 7. Bxc4 Be7 8. 0-0 c5 9. b3 Nc6 10. Bb2 cxd4 11. exd4 b6 12. d5 Na5 13. Qd4 Nxc4 14. bxc4 Ba6 15. Ne4 exd5 16. cxd5 Bxe2 17. d6 Bxf1 18. Rxf1 Re8 19. dxe7 Qxd4 0-1

[Event "Titled Tuesday intern op 12th Dec Early"]
[Site "Chess.com INT"]
[Date "2023.12.12"]
[Round "10"]
[White "Atakhan, Abtin"]
[Black "Steinberg, Nitzan"]
[Result "0-1"]
[WhiteElo "2417"]
[BlackElo "2551"]
[PlyCount "62"]
[EventDate "2023.12.12"]
[EventType "swiss (blitz)"]
[EventRounds "11"]
[EventCountry "USA"]
[SourceTitle "CB51_2023"]
[SourceDate "2023.12.20"]
[SourceVersion "1"]
[SourceVersionDate "2023.12.20"]
[SourceQuality "1"]

1. c4 e6 2. Nc3 d5 3. d4 c5 4. cxd5 cxd4 5. Qxd4 Nc6 6. Qd1 exd5 7. Qxd5 Bd6 8. Nf3 Nf6 9. Qd1 0-0 10. e3 Qe7 11. Be2 Rd8 12. Bd2 Bf5 13. Qa4 Nb4 14. 0-0 Bc2 15. Qb5 h6 16. a3 a6 17. Qb6 Bc5 18. Qxd8+ Rxd8 19. axb4 Bxb4 20. Rfc1 Bf5 21. Bf1 Bg4 22. Nd4 Bc5 23. Ra4 Bd7 24. Raa1 h5 25. Nf3 Bc6 26. Nd4 Bd7 27. Be1 h4 28. Nce2 Bd6 29. Nf4 Ng4 30. Rc3 g5 31. Nd5 Qe5 0-1

[Event "Titled Tuesday intern op 12th Dec Early"]
[Site "Chess.com INT"]
[Date "2023.12.12"]
[Round "7"]
[White "Khamdamova, Afruza"]
[Black "Atakhan, Abtin"]
[Result "0-1"]
[WhiteElo "2327"]
[BlackElo "2417"]
[PlyCount "90"]
[EventDate "2023.12.12"]
[EventType "swiss (blitz)"]
[EventRounds "11"]
[EventCountry "USA"]
[SourceTitle "CB51_2023"]
[SourceDate "2023.12.20"]
[SourceVersion "1"]
[SourceVersionDate "2023.12.20"]
[SourceQuality "1"]

1. e4 c5 2. Nf3 d6 3. d4 cxd4 4. Nxd4 Nf6 5. Nc3 a6 6. Bg5 Nbd7 7. Qe2 h6 8. Bh4 g6 9. 0-0-0 Qc7 10. f4 e5 11. fxe5 dxe5 12. Nf3 Bg7 13. Qc4 Qxc4 14. Bxc4 b5 15. Bd5 Nxd5 16. Nxd5 Ra7 17. Bf2 Rb7 18. Rd3 Nf6 19. Nxf6+ Bxf6 20. Rd6 Bg7 21. Rxa6 0-0 22. Rd6 f5 23. Re1 fxe4 24. Rxe4 Bf5 25. Re1 Rc8 26. c3 b4 27. Nxe5 bxc3 28. b3 Bf8 29. Rxg6+ Bxg6 30. Nxg6 Bd6 31. Kc2 Ra8 32. a4 Rab8 33. Rb1 Bb4 34. Nf4 Rf7 35. g3 Bd6 36. Rd1 Bxf4 37. gxf4 Rc8 38. Bg3 Re7 39. Re1 Rd7 40. Re2 Kf7 41. f5 Rd5 42. Re5 Rd2+ 43. Kc1 c2 44. Re1 Rd3 45. Kb2 Rd1 0-1

[Event "Titled Tuesday intern op 14th Nov Early"]
[Site "Chess.com INT"]
[Date "2023.11.14"]
[Round "11"]
[White "Atakhan, Abtin"]
[Black "Ambartsumova, Karina"]
[Result "0-1"]
[WhiteElo "2418"]
[BlackElo "2418"]
[PlyCount "170"]
[EventDate "2023.11.14"]
[EventType "swiss (blitz)"]
[EventRounds "11"]
[EventCountry "USA"]
[SourceTitle "CB47_2023"]
[SourceDate "2023.11.22"]
[SourceVersion "1"]
[SourceVersionDate "2023.11.22"]
[SourceQuality "1"]

1. c4 e6 2. Nc3 d5 3. d4 Nf6 4. cxd5 exd5 5. Bg5 c6 6. e3 Be7 7. Bd3 Nbd7 8. Qc2 h6 9. Bh4 Nh5 10. Bxe7 Qxe7 11. Nge2 Nb6 12. 0-0-0 Bd7 13. Kb1 0-0-0 14. h3 Kb8 15. g4 Nf6 16. Ng3 g6 17. Ka1 Rhe8 18. Rb1 c5 19. dxc5 Qxc5 20. Nge2 Rc8 21. Nd4 Nc4 22. Rhc1 Ne5 23. Bf1 a6 24. Qb3 Qa5 25. Rd1 Ka8 26. Bg2 Nc4 27. Rbc1 Nb6 28. Nde2 Rc5 29. Nf4 Rec8 30. Rb1 g5 31. Nd3 R5c7 32. Qb4 Qxb4 33. Nxb4 Be6 34. a3 Rc5 35. Rd4 a5 36. Nd3 Rc4 37. Nb5 Rxd4 38. Nxd4 Bd7 39. Rc1 Rxc1+ 40. Nxc1 Be6 41. Nd3 Kb8 42. Nc5 Bc8 43. Ndb3 a4 44. Nd4 Kc7 45. Bf1 Kd6 46. Nd3 Bd7 47. Bg2 Ne4 48. Kb1 Nc5 49. Kc2 Nc4 50. Nxc5 Kxc5 51. Ne2 Ne5 52. Nc3 Bc6 53. Ne2 Nc4 54. Nd4 Nd6 55. Bf1 Bd7 56. Bd3 b6 57. Nf3 Be6 58. Ne5 Ne8 59. Be2 Nd6 60. Bf3 Ne8 61. Kc3 Nd6 62. Nd3+ Kc6 63. Nb4+ Kc5 64. Be2 Ne4+ 65. Kc2 Nxf2 66. Nd3+ Nxd3 67. Kxd3 Bd7 68. Bf3 f6 69. Kc3 Bb5 70. Bg2 Bd7 71. Kd3 Bc6 72. Bf3 Bb5+ 73. Kc3 Bf1 74. Bd1 Bxh3 75. Kd3 b5 76. Bf3 Bf1+ 77. Kc3 Bc4 78. Kd2 d4 79. exd4+ Kxd4 80. Bc6 Ke5 81. Ke3 f5 82. gxf5 Kxf5 83. Bd7+ Ke5 84. Bg4 Bf7 85. Be2 Be8 0-1

[Event "Titled Tuesday intern op 14th Nov Early"]
[Site "Chess.com INT"]
[Date "2023.11.14"]
[Round "3"]
[White "Atakhan, Abtin"]
[Black "Daneshvar, Bardiya"]
[Result "0-1"]
[WhiteElo "2418"]
[BlackElo "2591"]
[PlyCount "96"]
[EventDate "2023.11.14"]
[EventType "swiss (blitz)"]
[EventRounds "11"]
[EventCountry "USA"]
[SourceTitle "CB47_2023"]
[SourceDate "2023.11.22"]
[SourceVersion "1"]
[SourceVersionDate "2023.11.22"]
[SourceQuality "1"]

1. c4 g6 2. g3 Bg7 3. Bg2 e6 4. Nc3 Ne7 5. d4 d5 6. cxd5 exd5 7. h4 h6 8. Nf3 c6 9. Bf4 Nd7 10. Qd2 Nf6 11. Ne5 Nh5 12. Be3 Nf5 13. g4 Bxe5 14. dxe5 Nxe3 15. Qxe3 d4 16. Qe4 dxc3 17. Rd1 Qa5 18. b4 Qxa2 19. gxh5 c2 20. Rc1 Bf5 21. Qe3 gxh5 22. Qc3 Rd8 23. e4 Rd1+ 24. Ke2 Qa6+ 25. Ke3 Qb6+ 26. Ke2 Bg4+ 27. f3 Qb5+ 28. Kf2 Qb6+ 29. Ke2 Be6 30. Rhxd1 cxd1Q+ 31. Rxd1 Rg8 32. Kf1 Qb5+ 33. Kf2 Rxg2+ 34. Kxg2 Qe2+ 35. Kg3 Qxd1 36. Qc5 a6 37. Qb6 Qd7 38. Kf4 Kf8 39. Qa7 Kg7 40. b5 axb5 41. Qg1+ Kh7 42. Qe1 Qe7 43. Qg3 b4 44. Qf2 b3 45. Qd4 Qxh4+ 46. Ke3 Qe1+ 47. Kf4 Qc1+ 48. Kg3 b2 0-1

[Event "Titled Tuesday intern op 14th Nov Early"]
[Site "Chess.com INT"]
[Date "2023.11.14"]
[Round "10"]
[White "Atakhan, Abtin"]
[Black "Souleidis, Georgios"]
[Result "1-0"]
[WhiteElo "2418"]
[BlackElo "2414"]
[PlyCount "81"]
[EventDate "2023.11.14"]
[EventType "swiss (blitz)"]
[EventRounds "11"]
[EventCountry "USA"]
[SourceTitle "CB47_2023"]
[SourceDate "2023.11.22"]
[SourceVersion "1"]
[SourceVersionDate "2023.11.22"]
[SourceQuality "1"]

1. c4 e5 2. g3 Nc6 3. Nc3 Bc5 4. Bg2 a6 5. e3 d6 6. Nf3 Nf6 7. d4 Bb4 8. h3 0-0 9. 0-0 exd4 10. exd4 Bxc3 11. bxc3 h6 12. Rb1 Re8 13. Qd3 Ne7 14. g4 c6 15. Bf4 h5 16. g5 Nh7 17. Nh4 Nf8 18. Qg3 d5 19. c5 Nfg6 20. Nxg6 Nxg6 21. Bc7 Qd7 22. Rfe1 Rxe1+ 23. Rxe1 h4 24. Qh2 Nf8 25. Bd6 Ne6 26. Qe5 Qd8 27. f4 Bd7 28. Rb1 Qc8 29. Bf1 g6 30. Qf6 Qd8 31. Rxb7 Qxf6 32. gxf6 Be8 33. Be2 a5 34. Bg4 Nf8 35. a4 Nh7 36. Be5 Nf8 37. Be2 Ne6 38. Kf2 Nf8 39. Kf3 Bd7 40. Kg2 Bf5 41. Bg4 1-0

[Event "Titled Tuesday intern op 14th Nov Early"]
[Site "Chess.com INT"]
[Date "2023.11.14"]
[Round "9"]
[White "Pranav, V."]
[Black "Atakhan, Abtin"]
[Result "1-0"]
[WhiteElo "2611"]
[BlackElo "2418"]
[PlyCount "105"]
[EventDate "2023.11.14"]
[EventType "swiss (blitz)"]
[EventRounds "11"]
[EventCountry "USA"]
[SourceTitle "CB47_2023"]
[SourceDate "2023.11.22"]
[SourceVersion "1"]
[SourceVersionDate "2023.11.22"]
[SourceQuality "1"]

1. Nf3 Nf6 2. g3 g6 3. Bg2 Bg7 4. 0-0 0-0 5. d3 c5 6. Nbd2 Nc6 7. e4 d6 8. Re1 Rb8 9. h3 b5 10. a4 b4 11. Nc4 Nd7 12. Rb1 a5 13. b3 Ba6 14. Ne3 Nd4 15. Nd2 e6 16. Ndc4 Ne5 17. Nxe5 Bxe5 18. Bb2 Bg7 19. Kh2 Qc7 20. f4 f5 21. exf5 gxf5 22. Nc4 Rbe8 23. Qd2 Kh8 24. Re3 e5 25. Rbe1 Bxc4 26. bxc4 Qd7 27. Bxd4 cxd4 28. R3e2 Qxa4 29. Bd5 Qd7 30. Ra1 Qc7 31. Qe1 Re7 32. Qf2 e4 33. Rae1 e3 34. Qf3 a4 35. Ra1 a3 36. Qf1 Bf6 37. Qb1 Qc5 38. Rg2 Rg7 39. Qd1 Re8 40. Qh5 Qc8 41. Rb1 Rge7 42. Re2 Qa6 43. Qxf5 Bg7 44. Ra1 a2 45. c5 dxc5 46. Rxa2 Qd6 47. Bc4 Rf8 48. Qg4 Qc6 49. Ra6 Qb7 50. Rd6 Ra8 51. Bd5 Qc7 52. Bxa8 Qxd6 53. Qc8+ 1-0

[Event "Titled Tuesday intern op 14th Nov Early"]
[Site "Chess.com INT"]
[Date "2023.11.14"]
[Round "4"]
[White "Reprintsev, Alexander"]
[Black "Atakhan, Abtin"]
[Result "1/2-1/2"]
[WhiteElo "2227"]
[BlackElo "2418"]
[PlyCount "77"]
[EventDate "2023.11.14"]
[EventType "swiss (blitz)"]
[EventRounds "11"]
[EventCountry "USA"]
[SourceTitle "CB47_2023"]
[SourceDate "2023.11.22"]
[SourceVersion "1"]
[SourceVersionDate "2023.11.22"]
[SourceQuality "1"]

1. e4 c5 2. b3 g6 3. Bb2 Nf6 4. e5 Nd5 5. Nc3 Nxc3 6. dxc3 Bg7 7. Qd5 Nc6 8. Qxc5 Nxe5 9. 0-0-0 0-0 10. h4 d6 11. Qe3 Ng4 12. Qe2 Qa5 13. f3 Qxa2 14. fxg4 Bxg4 15. Qxg4 Bh6+ 16. Rd2 Bxd2+ 17. Kxd2 Qxb2 18. Bd3 Rac8 19. Ne2 h5 20. Qe4 e5 21. g4 Qa3 22. gxh5 Qc5 23. hxg6 f5 24. Qc4+ d5 25. Qxc5 Rxc5 26. Ng3 e4 27. Be2 f4 28. Nh5 f3 29. Bf1 Rf5 30. Ng3 Re5 31. c4 e3+ 32. Kd3 dxc4+ 33. bxc4 b5 34. cxb5 Rcd5+ 35. Kc4 Rc5+ 36. Kd4 Rcd5+ 37. Kc4 Rc5+ 38. Kd4 Rcd5+ 39. Kc4 1/2-1/2

[Event "Titled Tuesday intern op 29th Aug Early"]
[Site "Chess.com INT"]
[Date "2023.08.29"]
[Round "4"]
[White "Najdin, Danil"]
[Black "Atakhan, Abtin"]
[Result "1-0"]
[WhiteElo "2195"]
[BlackElo "2414"]
[PlyCount "99"]
[EventDate "2023.08.29"]
[EventType "swiss (blitz)"]
[EventRounds "11"]
[EventCountry "USA"]
[SourceTitle "EXT 2024"]
[Source "ChessBase"]
[SourceDate "2023.10.10"]
[SourceVersion "1"]
[SourceVersionDate "2023.10.10"]
[SourceQuality "1"]

1. d4 Nf6 2. c4 g6 3. Nc3 Bg7 4. e4 d6 5. Be2 0-0 6. Bg5 c5 7. d5 h6 8. Be3 e6 9. Qd2 exd5 10. cxd5 Re8 11. f3 h5 12. a4 Na6 13. Bg5 Nb4 14. Bb5 Rf8 15. Nge2 a6 16. Bc4 Qc7 17. 0-0 Nd7 18. Nc1 Ne5 19. Be2 f5 20. f4 Nf7 21. Bh4 Re8 22. Bf3 c4 23. a5 b5 24. axb6 Qxb6+ 25. Bf2 Qc7 26. Bd4 Bxd4+ 27. Qxd4 Nc2 28. Qf6 Nxa1 29. Qxg6+ Kf8 30. e5 dxe5 31. d6 Qb6+ 32. Kh1 Ra7 33. Nd5 Qxd6 34. Nf6 e4 35. Rd1 Qxf6 36. Qxf6 exf3 37. gxf3 Rae7 38. Rg1 Re3 39. Qg7+ Ke7 40. Qd4 Re6 41. Qxc4 h4 42. Nd3 h3 43. Qc7+ Bd7 44. Nc5 Rd6 45. Rxa1 Rd5 46. Re1+ Kf6 47. Nxd7+ Rxd7 48. Qc3+ Kg6 49. Rxe8 Rd1+ 50. Re1 1-0

[Event "Abu Dhabi op 29th"]
[Site "Abu Dhabi"]
[Date "2023.08.24"]
[Round "9"]
[White "Artemiev, Vladislav"]
[Black "Atakhan, Abtin"]
[Result "1-0"]
[WhiteElo "2698"]
[BlackElo "2414"]
[PlyCount "101"]
[EventDate "2023.08.16"]
[EventType "swiss"]
[EventRounds "9"]
[EventCountry "UAE"]
[SourceTitle "EXT 2024"]
[Source "ChessBase"]
[SourceDate "2023.10.10"]
[SourceVersion "1"]
[SourceVersionDate "2023.10.10"]
[SourceQuality "1"]

1. c4 g6 2. g3 Bg7 3. Bg2 c5 4. Nc3 Nc6 5. d3 e6 6. Bxc6 bxc6 7. f4 d5 8. Nf3 dxc4 9. dxc4 Bxc3+ 10. bxc3 Qxd1+ 11. Kxd1 Nf6 12. Be3 Ne4 13. Kc2 Ba6 14. Kd3 Nd6 15. Bxc5 Nxc4 16. Kc2 Nb6 17. e4 Bb5 18. Rhb1 f6 19. e5 fxe5 20. Nxe5 Nd7 21. Nxd7 Kxd7 22. a4 Ba6 23. Rb4 Kc7 24. Re1 Rhd8 25. Rxe6 Bd3+ 26. Kc1 Bf5 27. Rf6 Rd5 28. Bd4 c5 29. Rb5 Bd7 30. Be5+ Rxe5 31. fxe5 Bxb5 32. axb5 Kb7 33. Rd6 Rf8 34. e6 Rf5 35. c4 Re5 36. Kc2 Kc7 37. Ra6 Kb7 38. Kd3 Re1 39. Rc6 Re5 40. Rd6 h5 41. h4 Kc7 42. Rd7+ Kb6 43. Rd6+ Kc7 44. Rc6+ Kb7 45. e7 Rxe7 46. Rxc5 Re6 47. Kd4 Rf6 48. Re5 a6 49. Re7+ Kb6 50. bxa6 Kxa6 51. Kd5 1-0

[Event "Abu Dhabi op 29th"]
[Site "Abu Dhabi"]
[Date "2023.08.22"]
[Round "7"]
[White "Aryan, Chopra"]
[Black "Atakhan, Abtin"]
[Result "1/2-1/2"]
[WhiteElo "2641"]
[BlackElo "2414"]
[PlyCount "201"]
[EventDate "2023.08.16"]
[EventType "swiss"]
[EventRounds "9"]
[EventCountry "UAE"]
[SourceTitle "EXT 2024"]
[Source "ChessBase"]
[SourceDate "2023.10.10"]
[SourceVersion "1"]
[SourceVersionDate "2023.10.10"]
[SourceQuality "1"]

1. e4 c6 2. Nf3 d5 3. d3 dxe4 4. dxe4 Qxd1+ 5. Kxd1 Nf6 6. Nbd2 g6 7. Ne5 Nfd7 8. Nd3 e5 9. a4 f6 10. a5 Nc5 11. c3 Be6 12. Kc2 Nxd3 13. Bxd3 Bh6 14. b4 Nd7 15. h4 Kf7 16. h5 Rag8 17. Nc4 Bxc1 18. Raxc1 Ke7 19. Ne3 Rc8 20. Bc4 f5 21. Rcd1 Nf6 22. hxg6 hxg6 23. Bxe6 Kxe6 24. exf5+ gxf5 25. Rhe1 Rcd8 26. Rxd8 Rxd8 27. f3 e4 28. fxe4 Nxe4 29. g4 fxg4 30. Nxg4 Kf5 31. Nh6+ Kf4 32. Rf1+ Ke3 33. Ng4+ Ke2 34. Rf4 Rd2+ 35. Kb3 Nd6 36. Ne5 Rd5 37. Nc4 Nb5 38. Re4+ Kf2 39. Nb2 Rd7 40. Na4 Kf3 41. Re8 Rf7 42. Rc8 Ke2 43. a6 bxa6 44. Rxc6 Kd2 45. Rxa6 Rf3 46. Kb2 Rf4 47. Kb3 Rf3 48. Kb2 Rf4 49. Nc5 Rc4 50. Rh6 Nxc3 51. Rd6+ Ke3 52. Rd3+ Ke2 53. Rxc3 Rxb4+ 54. Kc2 a5 55. Nd3 Rb8 56. Nb2 Rb4 57. Rc5 Kf3 58. Rxa5 Ke4 59. Kc3 Rb8 60. Nc4 Rd8 61. Re5+ Kf4 62. Re7 Rc8 63. Kd3 Rd8+ 64. Ke2 Ra8 65. Ne3 Ra3 66. Nc2 Rc3 67. Nb4 Rh3 68. Nd3+ Kf5 69. Re5+ Kf6 70. Ra5 Rh4 71. Kf3 Rh1 72. Ke4 Rb1 73. Ra6+ Kg5 74. Rc6 Ra1 75. Ke5 Kg4 76. Rf6 Ra5+ 77. Ke4 Kg5 78. Rf8 Ra4+ 79. Kd5 Kg4 80. Nf2+ Kg5 81. Ne4+ Kg4 82. Rf1 Ra5+ 83. Nc5 Rb5 84. Kd4 Ra5 85. Rf8 Rb5 86. Nd3 Ra5 87. Ne5+ Kg5 88. Nf3+ Kg4 89. Ke4 Ra4+ 90. Nd4 Kg5 91. Rf5+ Kg6 92. Rd5 Kf6 93. Kf4 Rc4 94. Ke3 Ra4 95. Ke4 Rc4 96. Ra5 Rb4 97. Ra6+ Kg5 98. Ke5 Rb1 99. Ne6+ Kg4 100. Ra4+ Kg3 101. Ra3+ 1/2-1/2

[Event "Abu Dhabi op 29th"]
[Site "Abu Dhabi"]
[Date "2023.08.20"]
[Round "5"]
[White "Atakhan, Abtin"]
[Black "Salem, AR Saleh"]
[Result "1-0"]
[WhiteElo "2414"]
[BlackElo "2661"]
[PlyCount "91"]
[EventDate "2023.08.16"]
[EventType "swiss"]
[EventRounds "9"]
[EventCountry "UAE"]
[SourceTitle "EXT 2024"]
[Source "ChessBase"]
[SourceDate "2023.10.10"]
[SourceVersion "1"]
[SourceVersionDate "2023.10.10"]
[SourceQuality "1"]

1. Nf3 Nf6 2. g3 c5 3. Bg2 Nc6 4. 0-0 e5 5. e4 d6 6. Nc3 g6 7. d3 Bg7 8. a3 0-0 9. Rb1 Be6 10. Bd2 h6 11. b4 b6 12. Ne2 cxb4 13. axb4 b5 14. Qc1 Kh7 15. Nh4 d5 16. exd5 Bxd5 17. Bxd5 Qxd5 18. Nc3 Qd7 19. Nxb5 g5 20. Ng2 e4 21. Bc3 Rab8 22. Na3 Nd4 23. Bxd4 Qxd4 24. c3 Qxd3 25. Ne3 Qa6 26. Qc2 Rbc8 27. Qb3 Ng8 28. Nd5 f5 29. c4 Qg6 30. c5 f4 31. Nb5 Rce8 32. Rbe1 Re5 33. Nbc3 Ne7 34. Nxe7 Rxe7 35. Qc4 Rfe8 36. c6 Qf5 37. Kh1 a6 38. Nd5 Re5 39. Rd1 Qh3 40. Rg1 Qg4 41. Rgf1 Qh3 42. c7 Rc8 43. Rg1 Qg4 44. Nf6+ Bxf6 45. Qf7+ Bg7 46. Rd7 1-0

[Event "Titled Tuesday intern op 08th Aug Early"]
[Site "Chess.com INT"]
[Date "2023.08.08"]
[Round "11"]
[White "Atakhan, Abtin"]
[Black "Zavgorodniy, Sergiy"]
[Result "0-1"]
[WhiteElo "2414"]
[BlackElo "2416"]
[PlyCount "206"]
[EventDate "2023.08.08"]
[EventType "swiss (blitz)"]
[EventRounds "11"]
[EventCountry "USA"]
[SourceTitle "EXT 2024"]
[Source "ChessBase"]
[SourceDate "2023.10.10"]
[SourceVersion "1"]
[SourceVersionDate "2023.10.10"]
[SourceQuality "1"]

1. Nf3 d5 2. g3 Nf6 3. Bg2 e6 4. 0-0 Be7 5. c4 0-0 6. b3 Nbd7 7. Bb2 b6 8. d4 Bb7 9. Nc3 c5 10. Ne1 cxd4 11. Qxd4 Rc8 12. cxd5 Bc5 13. Qd1 exd5 14. Nxd5 Nxd5 15. Bxd5 Bxd5 16. Qxd5 Qe7 17. Nd3 Qxe2 18. Qxd7 Rcd8 19. Nxc5 Rxd7 20. Nxd7 Qxb2 21. Nxf8 Kxf8 22. Rfb1 Qc3 23. a4 h5 24. h4 g5 25. hxg5 h4 26. gxh4 Qd4 27. Re1 Qxh4 28. Re3 Qxg5+ 29. Kf1 Qh5 30. Rae1 Qh1+ 31. Ke2 Qh5+ 32. Kd2 Qd5+ 33. Rd3 Qg5+ 34. Ree3 Qg2 35. Rf3 Qg5+ 36. Kc2 Qc5+ 37. Rc3 Qd6 38. Kb2 Qd2+ 39. Rc2 Qd4+ 40. Rfc3 a6 41. Ka2 b5 42. axb5 axb5 43. Rc7 Kg7 44. Rb7 Qd3 45. Rbc7 b4 46. R7c4 Kg6 47. Kb2 f6 48. Rxb4 Kg5 49. Rbc4 f5 50. b4 Qd5 51. R4c3 Qb5 52. Rb3 Kg4 53. Rc5 Qe2+ 54. Rc2 Qb5 55. Rd2 f4 56. f3+ Kg3 57. Rc2 Qe5+ 58. Rbc3 Qb5 59. Ka3 Qa6+ 60. Kb3 Qe6+ 61. Kb2 Qb6 62. Rb3 Qd4+ 63. Ka2 Qa7+ 64. Ra3 Qb6 65. Rb2 Qe6+ 66. Rab3 Qa6+ 67. Kb1 Qf1+ 68. Kc2 Qc4+ 69. Rc3 Qb5 70. Kb3 Qd5+ 71. Ka3 Qb5 72. Kb3 Qd5+ 73. Ka3 Qa8+ 74. Kb3 Qa6 75. Kc2 Qe2+ 76. Kb1 Qd1+ 77. Rc1 Qd3+ 78. Rbc2 Qb3+ 79. Rb2 Qd3+ 80. Ka2 Qa6+ 81. Kb3 Qe6+ 82. Ka3 Qa6+ 83. Kb3 Kxf3 84. Rc3+ Kg4 85. Kc2 f3 86. b5 Qa4+ 87. Kd2 Qd4+ 88. Kc2 f2 89. Rb1 Qe4+ 90. Rd3 Qe2+ 91. Kc3 f1Q 92. Rxf1 Qxf1 93. Rd4+ Kf5 94. b6 Qb5 95. Rb4 Qc5+ 96. Kb3 Qd5+ 97. Kc3 Qb7 98. Kc4 Ke6 99. Kb5 Kd5 100. Ka5 Qa8+ 101. Kb5 Qc6+ 102. Ka6 Kc5 103. Rb1 Qa8# 0-1

[Event "Titled Tuesday intern op 08th Aug Early"]
[Site "Chess.com INT"]
[Date "2023.08.08"]
[Round "10"]
[White "Parpiev, Isaak"]
[Black "Atakhan, Abtin"]
[Result "0-1"]
[WhiteElo "2123"]
[BlackElo "2414"]
[PlyCount "66"]
[EventDate "2023.08.08"]
[EventType "swiss (blitz)"]
[EventRounds "11"]
[EventCountry "USA"]
[SourceTitle "EXT 2024"]
[Source "ChessBase"]
[SourceDate "2023.10.10"]
[SourceVersion "1"]
[SourceVersionDate "2023.10.10"]
[SourceQuality "1"]

1. e4 c5 2. Nf3 Nc6 3. Bb5 e6 4. Bxc6 bxc6 5. d3 d6 6. e5 d5 7. c4 f6 8. Qe2 Ne7 9. Nc3 Nf5 10. exf6 gxf6 11. Bf4 Nd4 12. Nxd4 cxd4 13. Qh5+ Kd7 14. Ne2 Qe8 15. Qf3 Bb7 16. Nxd4 e5 17. Qg4+ Kc7 18. Ne6+ Kb8 19. Nxf8 Rxf8 20. Be3 d4 21. Bd2 c5 22. 0-0-0 Rg8 23. Qf5 Qg6 24. Qe6 Qg7 25. Qd6+ Qc7 26. Qxf6 Bxg2 27. Rhg1 Kb7 28. Ba5 Qc6 29. Qf7+ Ka6 30. Bd2 Raf8 31. Qxh7 Qe6 32. f4 e4 33. dxe4 Bxe4 0-1